English Sub1s Quiz (JKLM Bombparty) - Statistics

General Stats
  • This quiz has been taken 61 times
  • The average score is 60 of 197
Answer Stats
Prompt Answer % Correct
AAA Aaargh
95%
AWQ/WQA/QAF Awqaf
75%
BVS Obvs
70%
EEE Skweee
70%
AGK/GKE Nagkesar
60%
BDS Rhabds
60%
BZE Subzero
60%
EHH Ehh
55%
DBW/BWY Gwyddbwyll
55%
GHK Highkey
55%
MHM Mhm
55%
FFK/FKE Offkey
55%
HHH Shhh
55%
IWR Antiwrinkle
50%
AJS/JSA Dghajsa
50%
IQH/QH Fiqh
50%
GQO/QOM Gqom
50%
JJS Hajjs
50%
LQI Jelqing
50%
LQS Jelqs
50%
ATX Patxaran
50%
DHK Adhkar
45%
AZK Azkar
45%
RSZ/SZC/ZCZ Barszcz
45%
OQS Coqs
45%
HKO Durchkomponiert
45%
FYE Fye
45%
DJS Hadjs
45%
FSU Offsuit
45%
PFF Pfft
45%
PHP Phpht
45%
HML Rhythmless
45%
AOJ Shaojiu
45%
UHH Uhh
45%
BRS Zubrs
45%
AHK Ahkam
40%
FGE Aufgehoben
40%
NJY Benjy
40%
IIF Coraciiform
40%
GIJ Gijinka
40%
GIQ Indigiqueer
40%
EIQ Leiqin
40%
LUW/WUK Luwuk
40%
IQQ/QQU Niqqud
40%
CZK Paczki
40%
EQS Prereqs
40%
PRS Sexprs
40%
UBX/BX/BXI Subxiphoid
40%
UHM Uhm
40%
QFS Waqfs
40%
OMX/MX/MXN Womxn
40%
AKJ Yakju
40%
MRY Bottomry
35%
HUU Chuunibyou
35%
UHX/HX/HXI Cuauhxicalli
35%
MKY Dumky
35%
VHO Evhoe
35%
LMJ Filmjolk
35%
UHG Fuhgeddaboudit
35%
KVL/VLT Kvlt
35%
HRJ Lehrjahre
35%
HSY Mathsy
35%
NXY Minxy
35%
IZP Mizpah
35%
QAQ Muhaqqaq
35%
TPN Postpneumonic
35%
JII Punjiing
35%
QIS Qis
35%
IXF Sixfold
35%
GDS Smaragds
35%
EVB/VBE Tevbe
35%
TWP Twp
35%
IIL Viili
35%
VLY Vly
35%
KFS Wakfs
35%
RCF/CFO Arcform
30%
DNJ Badnjak
30%
WFR Bowfront
30%
GQU Changquan
30%
NFS Confs
30%
GNF Designful
30%
HKY Droshky
30%
OLX Folx
30%
HBY Forthby
30%
OQI Fotiaoqiang
30%
GIK Gikun
30%
IGK/GKU Honigkuchen
30%
HUO Huoguo
30%
HUQ Huqin
30%
JJO Jjolmyeon
30%
RRN Kaiserschmarrn
30%
IYK Kopiyka
30%
HSS Lachsschinken
30%
JLE Majles
30%
NPN Nonpneumatic
30%
EKM Pekmez
30%
LQA Qalqalah
30%
WWI Rowwise
30%
SML Schismless
30%
LZY Schmalzy
30%
XDI Sexdigital
30%
UFN/FNA Suffixaufnahme
30%
SWY Swy
30%
JWE Tajweed
30%
JNO Yajnopavita
30%
PKU Bupkus
25%
PCI Cevapcici
25%
SPT Claspt
25%
MDS Fremds
25%
MII Gastrocnemii
25%
JOZ Honjozo
25%
YGG Hygge
25%
KNJ Knjaz
25%
SBS Lesbs
25%
IJW Mijwiz
25%
HSF Mouthsful
25%
PFK/FKU Napfkuchen
25%
LTT Neolttwigi
25%
OBP/BPY Obpyriform
25%
MHS Ollamhs
25%
TVY Outvying
25%
PHW Phwoar
25%
EKJ Pinnekjott
25%
TRH Postrhinal
25%
JYT Ryijyt
25%
JDS Slojds
25%
GPY Songpyeon
25%
NXL Sphinxlike
25%
JJU Tahajjud
25%
QLE Taqleed
25%
NQE Tranqed
25%
QIM Tsaddiqim
25%
LZZ Ulzzang
25%
RPW Warpwise
25%
WUJ Wuji
25%
XIQ Xiqin
25%
XUC Xuc
25%
YUE/UEQ/EQI Yueqin
25%
ZYD Zydeco
25%
LFV Alfvenic
20%
UFW/FWU/WUC Aufwuchs
20%
UKJ Cheonggukjang
20%
VOJ/OJN Dvojnice
20%
LZW Edelzwicker
20%
QRS Faqrs
20%
XAV Hexavalent
20%
ISZ Kumisz
20%
QVO Miqvoth
20%
YCS Mycs
20%
XTD Nextdoor
20%
UOA Quoad
20%
TBS Qutbs
20%
QUZ Quzi
20%
YNP Synperiplanar
20%
QSI Taqsim
20%
KGW Yakgwa
20%
UKG Yukgaejang
20%
YUX Yuxiang
20%
UHD Zuhd
20%
JZA Ajza'
15%
SNS Bosns
15%
ZUQ Buzuq
15%
OVG Dovga
15%
SQS Dumaresqs
15%
YSV Dysvascular
15%
VNS Eevns
15%
SZY Groszy
15%
XUE Guoxue
15%
YUJ Kyujitai
15%
WGE Mawger
15%
KTZ Muktzeh
15%
UFC Neufchatel
15%
ZHK Pirozhki
15%
PLJ Pljeskavica
15%
UEV Quinquevalent
15%
ZLS Shlimazls
15%
TZF Sitzfleisch
15%
WWH Skewwhiff
15%
SZL Szlachta
15%
NSZ Transzonal
15%
QUH Umquhile
15%
UZV Uzvar
15%
UWS Vrouws
15%
UJJ Agujjim
10%
UMJ Circumjacent
10%
VIY Domoviye
10%
ZBS Hizbs
10%
UKM Hukm
10%
UUC Makuuchi
10%
QLU Maqluba
10%
ZUA Mizuage
10%
YPK Oscypki
10%
ZTH Tanztheater
10%
WUW Wuwei
10%
ZUY Mizuya
5%
QAU Qaum
5%
OKG Tteokguk
5%
No matching quizzes found
Score Distribution
Percent of People with Each Score
Percentile by Number Answered
Your Score History
You have not taken this quiz